000 00631nam a22002057a 4500
003 OSt
005 20250719025703.0
008 250719b |||||||| |||| 00| 0 eng d
020 _a9789810697952
040 _aDWCL-Main lib
_cOC
082 _aCirc. 621.319 N712e 2011
100 _aNilsson, James W.
245 _a Electric circuits/
_cJames W. Nilsson
250 _a Ninth edition.
260 _aSingapore :
_bPearson Education South Asia,
_cc2011.
300 _a 816 pages :
_billustrations ;
_c27 cm.
504 _aIncludes index.
650 _a1. Electric circuits.
942 _2ddc
_cBK-CIRC
_e Ninth edition.
_kCirc.
_n0
999 _c3784
_d3784